000
00374nam a2200169Ia 4500
003
0STCL
008
150530s9999 xx 000 0 und d
040
_a
STCL
_c
STCL
100
_a
Gerald Meir, M.; Robert Baldwin, E.
245
_a
Development
250
_a
First
260
_c
1966
546
_a
English
942
_2
ddc
_c
BK
999
_c
12868
_d
12868
005
20220125165632.0